00654 2200253 4500001002100000005001700021008004100038035002400079082001000103090002000113100001200133245006600145250001100211260003400222300002900256650002200285700001300307850001500320980001300335985000600348999001500354999001500369999001600384YOGYA-0209000003347620090227024802.0 ind  0010-020900000033476 a330.9 a330.9bHar MlT aHARYONO aMendampingi perkembangan ekonomi rakyatcHaryono dan Mubyarto aCet. 1 aYogyakrtabAditya Mediac1998 avii, 31 hlmbilusc21 cm aEkonomi - Keadaan aMubyarto aYOPDYOG(B) a01-09-06 a3 a00P0003623 a00P0003624 a00P.0003626